000 00644nam a2200217Ia 4500
003 GCL
008 140319s9999 xx 000 0 ara d
040 _aGCL /
_cGCL
082 0 4 _a814
_bم ا
100 1 _aمحمود محمد شاكر
245 1 0 _aاباطيل واسمار : الجزءان الاول والثانى /
_cمحمود محمد شاكر
260 _a[S.N] :
_bمطبعة المدنى ،
_c1972
300 _a630 ص
490 _a
650 0 4 _aالادب العربى
650 0 4 _aاللغة العربية
650 0 4 _aالثقافة
650 0 4 _aالفنون
650 0 4 _aتاريخ ونقد
942 _2ddc
_cBK
999 _c37151
_d37151